Time in Canada - Statistics

General Stats
  • This quiz has been taken 19 times
    17 since last reset
  • The average score is 5 of 12
Answer Stats
Question Answer % Correct
What is Mountain Time? A time zone
100%
What is the average time it takes the Canadian Train to travel from Vancouver to Toronto? 3 days and 23.5 hours
67%
What's at the top of the Gastown steam clock in Vancouver? a whistle
67%
Which clock was on the $20 bill back when notes were made of paper? The Peace Tower
67%
Who or what are the Maritimes? The provinces of New Brunswick, Nova Scotia and Prince Edward Island
67%
What is the 9 O'Clock Gun? A canon in Vancouver that is fired at 9 every night
33%
The National Research Council Time Signal is: Canada's longest running radio program
33%
What happened in Newfoundland in 1988? Daylight saving was two hours ahead instead of one
33%
Beware the sinister 7 O'Clock Man (Bonhomme Sept Heures) in Quebec. What does he do? Kidnaps children who are not home by 7pm
33%
Why is Canada Day celebrated in Ottawa with festivities called the "noon show"? The Dominion of Canada was proclaimed at noon (1 July 1867)
33%
How many time zones does Canada have? 6
0%
Scottish-Canadian Sir Sandford Fleming is best known as the inventor of what? worldwide standard time
0%
No matching quizzes found
Score Distribution
Percent of People with Each Score
Percentile by Number Answered
Your Score History
You have not taken this quiz since the last reset